000 01168nam a22003497a 4500
003 CHAP
005 20220329140039.0
008 971013s1953 r 10010 d
010 _a46182
011 _a47154
035 _a51296
040 _cCHAP
082 _a636.08
_bR4 1952
111 0 0 _aReunión Interamericana de Producción Pecuaria (
_n2
_d: 1952
_c: Baurú, Brasil)
_996388
245 _aInforme de la segunda reunión...
260 _aRoma :
_bFAO,
_c1953
300 _a147 p.
490 _aFAO. Cuadernos de fomento
_v; 33
590 _aBATCH-UPD
_b10
_c20130110
_lUCH01
_h0231
590 _aBATCH-UPD
_b10
_c20130110
_lUCH01
_h1830
590 _aBATCH-UPD
_b10
_c20130410
_lUCH01
_h1203
590 _aBATCH-UPD
_b10
_c20130914
_lUCH01
_h1347
590 _aCONVERSION
_b10
_c20130109
_lUCH01
_h1325
650 1 4 _aGanadería.
_944604
650 1 4 _aIndustrias pecuarias.
_958022
700 0 _aPhillips, Ralph W.
_eed.
_987831
830 0 _aFAO. Cuadernos de fomento
_v; 33
_939506
901 _aBK
942 _cLIBRO
949 _a636.08 R4 1952
_bBC
_cBPA
_d-114830
_eBPA
_h14750
_i51296
_si
949 _a636.08 R4 1952
_bBC
_cBPA
_d-114831
_eBPA
_fc.2
_h31652
_i51296
_si
999 _c46182
_d46182